000 00779cam a2200241 a 4500
001 000005919
005 20200929151835.0
008 800312s1999 sp b 001 p spa
020 _a843760186X
040 _aDO-SdBNP
_dBNPHU
082 _aA861.5
_bH557g
100 1 _aHernández, José,
_d1834-1886.
_916699
245 1 3 _aEl gaucho Martín Fierro :
_bLa vuelta de Martín Fierro/.
260 _aMadrid :
_bM J ,
_c1999.
300 _a154 p. ;
_c19 cm.
490 1 _aClásicos universales
490 1 _aEdición íntegra
_vno. 16
650 4 _aPoesía argentina
_93859
650 4 _aLiteratura argentina
_ySIGLO XVII
_916700
700 1 _aMestas, Jorge A. ,
_916701
830 0 _aClásicos universales.
_pEdición íntegra ;
_vno. 16.
_916679
910 _aCatalogación derivada
999 _c5715
_d5715